000 nam a22 a 4500
999 _c3948
_d3948
003 AKMAL
005 20170524125317.0
008 170524s1998 my 00 may d
020 _a9830462196 (kkt.):
_cRM5.00
040 _aAKMAL
_cAKMAL
082 0 4 _a823 MAL
_221
090 0 0 _a823
_bMAL
245 0 0 _a4004 malam :
_bkisah pelayaran Simbaz (Sinbad the sailor) /
_csusunan Abu Hikmah Al-Husni
260 _aKuala Lumpur :
_bDarul Nu'man,
_c2000
300 0 0 _avi, 103ms. ;
_c21cm
500 _aJudul kulit depan: 4004 malam kisah Simbaz dalam pelayaran
650 0 _aFolklore
_zArab countries
_92391
650 0 _aIslamic stories, Malay
_91556
700 1 _aAl-Husni, Abu Hikmah
_92013
740 0 2 _aEmpat ribu empat malam: kisah pelayaran Simbaz (Simbad the sailor)
942 _2ddc
_cBOOK